Pays européens membres de l'EEE - Statistiques

Statistiques générales
  • Ce quiz a été pris 18 fois
  • Le résultat moyen est 27 sur 30
Statistiques - réponses
Membres de l'UE % Correct
Espagne
100%
France
100%
Grèce
100%
Irlande
100%
Islande
100%
Norvège
100%
Suède
100%
Allemagne
92%
Autriche
92%
Belgique
92%
Croatie
92%
Danemark
92%
Estonie
92%
Hongrie
92%
Italie
92%
Lettonie
92%
Lituanie
92%
Pays-Bas
92%
Portugal
92%
République Tchèque
92%
Roumanie
92%
Slovaquie
92%
Slovénie
92%
Bulgarie
83%
Chypre
83%
Finlande
83%
Luxembourg
83%
Pologne
83%
Malte
75%
Liechtenstein
67%
Aucun quiz correspondant
Distribution des résultats
% des personnes avec chaque résultat
Percentile par nombre de réponses
Votre historique - résultats
Vous n’avez pas pris ce quiz